000 00397nam a2200157Ia 4500
008 210210b1996 xxu||||| |||| 00| 0 eng d
020 _a81 85017 77 8
082 _a589.2 CHAT
100 _aCHANDER (Jagdish).
245 _aTextbook of medical mycology.
260 _aNew Delhi.
_bInterprint.,
_c1996
300 _aix,232
650 _aMycology Mycosis
690 _aBotany
906 _a058238
999 _c105629
_d105629